000 01361nam a22003737a 4500
003 CHAP
005 20220817041201.0
008 971013s1993 r 00010 d
010 _a8109
011 _a9081
035 _a8315
040 _cCHAP
090 _aTesis
100 0 0 _aGonzález Lastra, Heliodoro.
_949092
245 _aUso de semillas mejoradas como alternativa para la substitución de frijol variedad ojo de cabra, en el Distrito de Desarrollo Rural 06 Cuauhtemoc delegación Chihuahua, S.A.R.H.
260 _aChapingo, Méx. :
_bEl autor,
_c1993
300 _a53 h
502 _aTesis (Ing. Agr. Esp. en Zonas Aridas) -- UACH. Departamento de Zonas Aridas
590 _aALEPH
_b10
_c20130110
_lUCH01
_h1221
590 _aBATCH-UPD
_b10
_c20130110
_lUCH01
_h1428
590 _aBATCH-UPD
_b10
_c20130410
_lUCH01
_h0906
590 _aBATCH-UPD
_b10
_c20130914
_lUCH01
_h1218
590 _aCONVERSION
_b10
_c20130109
_lUCH01
_h1306
650 1 4 _aDistrito de Desarrollo Rural Cuauhtémoc, Chih.
_932776
650 1 4 _aFenología.
_940043
650 1 4 _aFrijol
_xEfecto del clima.
_943364
650 1 4 _aFrijol
_xSemilla.
_943433
650 1 4 _aFrijol
_xVariedades.
_943446
650 1 4 _aSemillas
_xMejoramiento.
901 _aBK
942 _cFOLL
949 _bBC
_cTES
_d-18495
_eTS1
_h26409
_i8315
_si
949 _bBC
_cTES
_d-18496
_eTS2
_fc.2
_h26410
_i8315
_si
999 _c8109
_d8109